00000000nam 2200000za 4500
0019.676605
003CaOODSP
00520250113144916
007cr |||||||||||
008150407|2011||||xxc|||||o    f|0| 0 rus d
040 |aCaOODSP|beng
043 |an-cn---
0861 |aA15-11514/2011Rus-PDF|zA15-11514/2011Ru-PDF
1101 |aCanada. |bAgriculture and Agri-Food Canada.
24510|a[Canadian soy : |h[electronic resource]|bthe healthy alternative].
250 |a[Russian edition].
260 |aOttawa - Ontario : |bAgriculture and Agri-Food Canada |cc2011.
300 |a2p.
500 |aIssued also in English under title: Canadian soy: the healthy alternative.
546 |aText in Russian.
590 |a13-10-Supp|b2013-04-13
69007|aAgri-food industry|2gcpds
77508|tCanadian soy : |w(CaOODSP)9.695149
792 |t[Le soya canadien : |efre|w(CaOODSP)9.676606
85640|ahttp://publications.gc.ca|qPDF|s282 KB|uhttps://publications.gc.ca/collections/collection_2013/aac-aafc/A15-11514-2011-rus.pdf
986 |aAAFC No. 11514R